| 000 | 00397 a2200133 4500 | ||
|---|---|---|---|
| 001 | 91657 | ||
| 082 | _aPR 1625 | ||
| 090 |
_c43817 _d43816 |
||
| 100 | _aQasim Saeed; Prof Tahir M Khalid and Faraz Ahmed, Advisors | ||
| 245 |
_aDesign a 2-D Low Part Filter using Frequency Transformation Technique _n51 "B" EC |
||
| 260 |
_aRawalpindi _bNUST _c1999 |
||
| 300 | _a77p | ||
| 500 | _aBE Project Reports | ||
| 942 |
_aCAE NUST _kPR 1625 |
||
| 999 |
_c326730 _d326730 |
||